|
|
|
|
| LEADER |
00744cam a2200205 a 4500 |
| 008 |
840924s1982 ii b 001 0 eng d |
| 082 |
|
|
|a 291.211
|
| 100 |
1 |
|
|a Vyas, Nitin
|
| 245 |
1 |
0 |
|a Evil, suffering, & salvation :
|b a comparative perspective in religions /
|c Nitin Vyas.
|
| 250 |
|
|
|a 1st ed.
|
| 260 |
|
|
|a Baroda :
|b Vishwamanav Sanskar Sikshan Trust,
|c 1982.
|
| 300 |
|
|
|a viii, 238 p. ;
|c 23 cm.
|
| 500 |
|
|
|a Includes index.
|
| 504 |
|
|
|a Bibliography: p. 224-231.
|
| 650 |
|
0 |
|a Theodicy
|v Comparative studies.
|
| 740 |
0 |
1 |
|a Evil, suffering and salvation.
|
| 900 |
|
|
|a AUTH
|
| 942 |
|
|
|c BK
|
| 999 |
|
|
|c 277228
|d 277228
|
| 952 |
|
|
|0 0
|1 0
|2 ddc
|4 0
|6 291_211000000000000_VYA_E
|7 0
|9 311808
|a PHL
|b PHL
|c ST1
|d 2016-02-19
|i 2126
|o 291.211 VYA/E
|p PHL2126
|r 2016-02-19
|y BK
|